000
00288nam a2200109Ia 4500
008
220204s9999 xx 000 0 und d
082
_a
804
_b
MAU
100
_a
Mauger, G
245
0
_a
Cours de langue et de civilisation Francaises
260
_a
Paris
_b
Librairie Hachette
_c
1953
942
_c
BK
999
_c
28068
_d
28068